[Event "Minsk op"]
[Site "Minsk"]
[Date "2010.08.04"]
[Round "1"]
[White "Kustov, Alexei"]
[Black "Bulanov, Dmitri"]
[Result "0-1"]
[WhiteElo "1960"]
[BlackElo "2379"]
[PlyCount "78"]
[EventDate "2010.08.04"]
[EventType "swiss"]
[EventRounds "9"]
[EventCountry "BLR"]
[SourceTitle "CBM 137 Extra"]
[Source "ChessBase"]
[SourceDate "2010.09.01"]
[SourceVersion "1"]
[SourceVersionDate "2010.09.01"]
[SourceQuality "1"]

1. e4 c6 2. d4 d5 3. exd5 cxd5 4. Bd3 Nf6 5. h3 Nc6 6. c3 e6 7. Bf4 Bd6 8. Bxd6 Qxd6 9. Nf3 0-0 10. 0-0 Ne4 11. Bxe4 dxe4 12. Nfd2 f5 13. f3 e5 14. Nc4 Qd5 15. Ne3 Qb5 16. fxe4 exd4 17. Nxf5 Bxf5 18. exf5 Qxb2 19. Qb3+ Qxb3 20. axb3 dxc3 21. Nxc3 Nd4 22. b4 Rxf5 23. Rxf5 Nxf5 24. g4 Nd4 25. b5 Rc8 26. Nd5 Rc5 27. Nf4 Nxb5 28. Rd1 Rc7 29. Ne6 Re7 30. Ng5 g6 31. Rb1 Nd4 32. Rd1 Nc6 33. Nf3 Kg7 34. g5 a5 35. Kf2 a4 36. Rc1 Re6 37. Rb1 Re7 38. Rc1 Ne5 39. Nxe5 Rxe5 0-1